Frankrijk kaart - Statistics

General Stats
  • This quiz has been taken 9 times
  • The average score is 30 of 60
Answer Stats
Hint Answer % Correct
p Bordeaux
100%
ab Lyon
100%
y Nice
100%
j Rennes
100%
ae Strasbourg
100%
aj Ajaccio
50%
D Allemagne
50%
e Amiens
50%
H Andorra
50%
B Belgique
50%
q Biarritz
50%
c Boulogne-sur-Mer
50%
10 Bourgogne-Franche-Comté
50%
3 Bretagne
50%
h Caen
50%
b Calais
50%
t Carcasonne
50%
5 Centre-Val-de-Loire
50%
i Cherbourg
50%
12 Corse
50%
ad Dijon
50%
a Dunkerque
50%
I Espagne
50%
A Frankrijk
50%
C G.D. Luxembourg
50%
11 Grand-Est
50%
z Grenoble
50%
1 Hauts-de-France
50%
F Italie
50%
J La Manche
50%
g Le Havre
50%
d Lille
50%
r Lourdes
50%
w Marseille
50%
L Méditerranée
50%
af Metz
50%
G Monaco
50%
v Montpellier
50%
ag Nancy
50%
2 Normandie
50%
6 Nouvelle-Aquitaine
50%
7 Occitanie
50%
K Océan Atlantique
50%
ai Paris
50%
4 Pays-de-la-Loire
50%
u Perpignan
50%
8 Provence-Alpes-Côte-d'Azur
50%
ah Reims
50%
f Rouen
50%
E Suisse
50%
x Toulon
50%
s Toulouse
50%
m Tours
50%
aa Valence
50%
9 Auvergne-Rhône-Alpes
0%
ac Besançon
0%
k Brest
0%
o Limoges
0%
l Nantes
0%
n Orléans
0%
No matching quizzes found
Score Distribution
Percent of People with Each Score
Percentile by Number Answered
Your Score History
You have not taken this quiz